000 00280nam a2200097Ia 4500
082 _a347.6805 CIVI
245 0 _aCivil procedure : a practical guide
100 _a Pete, Steve Claremont, South Africa, 2005
_916976
942 _cBK
008 210816s9999 xx 000 0 und d
999 _c81528
_d81530